| 000 | 00954nam0a22002771 4500 | ||
|---|---|---|---|
| 001 | rc\233623 | ||
| 005 | 20250621011807.0 | ||
| 010 |
_a5-07-001579-6 _949270 |
||
| 035 | _a(NLR Aleph) 005496257 | ||
| 090 |
_a5259832 _c5259832 |
||
| 100 | _a20030307d1990 |||y0rusy50 ca | ||
| 101 | 0 | _arus | |
| 102 | _aRU | ||
| 105 | _ay ||||||||| | ||
| 200 | 1 | _aXXVIII съезд КПСС: путь к обновлению | |
| 210 |
_aМ. _cЗнание _d1990 |
||
| 215 |
_a63, [1] с. _d20 |
||
| 225 | 1 |
_aНовое в жизни, науке, технике _iИстория и политика КПСС _v12/1990 |
|
| 700 | 1 |
_4070 _7ca _8rus _aМарков _bВ. С. _cжурналист _f1934-2013 _gВладимир Семенович _92647738 _3RU\NLR\AUTH\770275771 |
|
| 712 | 0 | 2 |
_aКПСС _bСъезд _d28 _f1990 _eМосква |
| 801 | 0 |
_aRU _bNLR _gpsbo |
|
| 801 | 1 |
_aRU _bELAR _2rusmarc |
|
| 852 |
_aNLR _j90-4/17262 |
||
| 942 | _cBOOK | ||
| 980 | _aNB | ||